Proccedings from SWANA's 8th Annual Waste Reduction, Recycling and Composting Symposium & 1st Annual Collection Symposium : Houston, Texas, February 24-28, 1997
Αποθηκεύτηκε σε:
| Συλλογικό Έργο: | , , |
|---|---|
| Μορφή: | Πρακτικό Συνεδρίου Βιβλίο |
| Γλώσσα: | English |
| Δημοσίευση: |
[s.l.] :
SWANA,
1997
|
| Θέματα: | |
| Ετικέτες: |
Προσθήκη ετικέτας
Δεν υπάρχουν, Καταχωρήστε ετικέτα πρώτοι!
|
MARC
| LEADER | 00000nam a2200000 i 4500 | ||
|---|---|---|---|
| 001 | 1/18064 | ||
| 008 | 981015s1997 eng d | ||
| 035 | |l 10020782 | ||
| 040 | |a GR-MY-UA |b gre |e aacr | ||
| 041 | 0 | |a eng | |
| 082 | 0 | |a 363.7282 | |
| 111 | 2 | |a Annual Waste Reduction, Recycling and Composting Symposium |n (8th |d : 1997 |c Houston, Texas) | |
| 245 | 1 | 0 | |a Proccedings from SWANA's 8th Annual Waste Reduction, Recycling and Composting Symposium & 1st Annual Collection Symposium : |b Houston, Texas, February 24-28, 1997 |
| 246 | 3 | 3 | |a 8th Annual Waste Reduction, Recycling and Composting Symposium & 1st Annual Collection Symposium |
| 260 | |a [s.l.] : |b SWANA, |c 1997 | ||
| 300 | |a various p. |b fig. | ||
| 650 | 0 | 0 | |a Refuse and refuse disposal |x Congresses. |
| 650 | 0 | 0 | |a Recycling (Waste, etc.) |x Congresses. |
| 650 | 0 | 0 | |a Refuse collection. |
| 710 | 2 | |a Solid Waste Association of North America. | |
| 711 | 2 | |a Annual Collection Symposium |n (1st |d : 1997 |c Houston, Texas) | |
| 852 | |a INST |b LESVOS |e 19981015 |h 363.7282 ANN |p 005100021041 |q 005100021041 |t BK |y 0 | ||
| 901 | |a BIBL1-2000-3 | ||
| 909 | |a Λ |b 059375 | ||
| 922 | |a 1ΕΛΗ |b 199809 |c ΚΠΣ/ΤΠ |d ΠΑΠΑΣΩΤΗΡΙΟΥ | ||
| 950 | |a 107-1998-04-08 | ||
| 970 | |z 2000/08/ELIDOC | ||